| 000 | 00746 a2200217 4500 | ||
|---|---|---|---|
| 005 | 20080908141844.0 | ||
| 008 | 080908t xxu||||| |||| 00| 1 eng d | ||
| 010 | _aENG-87628 | ||
| 020 |
_a8181573722 _c200.00 |
||
| 035 | _aEN-71161 | ||
| 037 | _bDBAD / PUB | ||
| 082 | _aS | ||
| 100 | _aChandrasekhara, M.R. | ||
| 245 |
_aThe choice & other stories _cby M.R. Chandrasekhara |
||
| 260 |
_aCalcutta _bWriters Workshop _c2005 |
||
| 270 |
_a162/92, Lake Gardens, _bCalcutta _e700 045 |
||
| 300 |
_a176p. _c22 cm (Hb) |
||
| 490 | _aWriters workshop greenbird book | ||
| 942 |
_adpl _cEN _kS / CHA _2ddc _hS _mCHA |
||
| 999 |
_c6732 _d6732 |
||